000 00832cab a2200289 4500
001 X57
008 090401t1991 xxu||||| |||| 00| 0 eng d
035 _a(Sirsi) u44835
041 _aeng
245 _aCSW Jobs monitor
260 _c1991
350 _a0
490 _aChartered Surveyor Weekly
_v37(7) 14 November 1991, 24-25(2)
650 _aAGRICULTURAL SURVEYORS
650 _aBUILDING SURVEYORS
650 _aABOUT RICS-RICS MEMBERS
650 _aCSW JOBS MONITOR
650 _aEMPLOYMENT TRENDS
650 _aPROPERTY JOBS SUPPLY AND DEMAND INDEX
650 _aPROPERTY PROFESSIONALS
650 _aRECRUITMENT TRENDS
650 _aREGIONAL EMPLOYMENT INDEX
650 _aVOCATIONAL EMPLOYMENT INDEX
690 _aMANAGEMENT-BUSINESS MANAGEMENT-PROFESSIONAL PRACTICE
942 _n0
948 _c04/03/1997
999 _c28488
_d28488